00782pam a2200229 a 45000010008000000030004000080050017000120080041000290100017000700200015000870400018001020500020001200820012001401000050001522450045002022600052002473000033002995040051003326500011003838560085003948560073004793087290OSt20250819121155.0980218s1999 caua b 001 0 eng  a 98013617  a1559349557 aDLCcDLCdDLC00aBC61b.L28 199900a1602211 aLayman, C. Stephenq(Charles Stephen),d1950-14aThe power of logic /cC. Stephen Layman. aMountain View, Calif. :bMayfield Pub.,cc1999. aix, 566 p. :bill. ;c24 cm. aIncludes bibliographical references and index. 0aLogic.423Publisher descriptionuhttp://www.loc.gov/catdir/description/mh024/98013617.html413Table of contentsuhttp://www.loc.gov/catdir/toc/mh023/98013617.html